[Event "3rd HD Bank Cup 2013"]
[Site "Ho Chi Minh City VIE"]
[Date "2013.03.20"]
[Round "3.38"]
[White "Zhang Weida"]
[Black "Bui,Trong Hao"]
[Result "1-0"]
[WhiteElo "2420"]
[BlackElo "2108"]

1.c4 c6 2.e4 d5 3.exd5 cxd5 4.cxd5 Nf6 5.Nc3 Nxd5 6.Nf3 Nc6 7.d4 e6 8.Bd3 Be7
9.O-O a6 10.a3 O-O 11.Re1 Nxc3 12.bxc3 Bd7 13.c4 Bf6 14.Bb2 Rc8 15.Qe2 Re8
16.h4 g6 17.h5 Qa5 18.hxg6 hxg6 19.Rad1 Qh5 20.Qd2 Bg7 21.Bc3 Red8 22.Re4 Bf6
23.Rf4 Be7 24.Rb1 e5 25.dxe5 Bf5 26.Rxf5 gxf5 27.Qc2 Bc5 28.Rxb7 Ne7 29.Bb4 Bxb4
30.axb4 Ng6 31.e6 fxe6 32.Qc3 Qh8 33.Qe1 Qf6 34.Bf1 Rb8 35.Rc7 Rbc8 36.Rb7 Rb8
37.Rc7 Rbc8 38.Rb7 Rb8 39.Rxb8 Rxb8 40.c5 e5 41.Qc3 Kg7 42.Qa3 e4 43.Nd2 Rh8
44.Qxa6 Qh4 45.Qa1+ Kf8 46.Qa8+ Ke7 47.Qa7+ Kf6 48.Qa1+ Kg5 49.f3 e3 50.f4+ Kh6
51.Nf3 Qf2+ 52.Kh1 Kh7 53.Ng5+ Kg8+ 54.Nh3 Rxh3+ 55.gxh3 Kh7 56.Qa7+ Kh6
57.Qa6 Qf3+ 58.Kg1 Qxf4 59.c6 Kg5 60.Qe2 Ne5 61.c7 Nf3+ 62.Kh1 Qxc7 63.Qxf3 Qc1
64.b5 Qc5 65.Kg2 Qd4 66.Be2 Kf6 67.Qc6+ Ke7 68.b6 Qg7+ 69.Kf3 Qg1 70.Qc5+ Kf6
71.Qd6+ Kf7 72.Bc4+ Ke8 73.Qe6+ Kd8 74.Qf6+ Kc8 75.Ba6+ Kd7 76.Bb5+  1-0

[Event "3rd HD Bank Cup 2013"]
[Site "Ho Chi Minh City VIE"]
[Date "2013.03.21"]
[Round "4.16"]
[White "Pham Le Thao Nguyen"]
[Black "Yeoh,L"]
[Result "1-0"]
[WhiteElo "2422"]
[BlackElo "2278"]

1.c4 c6 2.Nc3 d5 3.d4 Nf6 4.cxd5 cxd5 5.Bf4 Nc6 6.e3 a6 7.Bd3 Bg4 8.Nge2 e6
9.Rc1 Bd6 10.f3 Bh5 11.O-O O-O 12.Na4 Na5 13.Qe1 Nc4 14.b3 Bxf4 15.Nxf4 Nd6
16.Nc5 Re8 17.Qb4 a5 18.Qd2 e5 19.dxe5 Rxe5 20.Rfd1 Qe7 21.Bf1 Bg6 22.e4 Qd8
23.Qb2 Qe8 24.Ncd3 Re7 25.e5 Bxd3 26.Nxd3  1-0

[Event "TCh-AUT 2012-13"]
[Site "St.Veit AUT"]
[Date "2013.03.21"]
[Round "8.5"]
[White "Hebesberger,T"]
[Black "Diermair,A"]
[Result "1/2-1/2"]
[WhiteElo "2331"]
[BlackElo "2407"]

1.c4 c6 2.d4 d5 3.cxd5 cxd5 4.Nc3 Nf6 5.Bf4 Nc6 6.e3 Bf5 7.Bd3 Bxd3 8.Qxd3 e6
9.Nf3 Bd6 10.Bxd6 Qxd6 11.O-O O-O 12.Rfc1 Rac8 13.h3 a6 14.a3 Na5 15.Na4 Nc4
16.b3 Nb6 17.Nxb6 Qxb6 18.Ne5 Qd6 19.b4 Nd7 20.Nxd7 Qxd7 21.Qd2 Rxc1+ 22.Rxc1 Rc8
23.g3 g6 24.Kg2 Kg7 25.Qd1 h6 26.Qd2 h5 27.h4 Rc7 28.Rc3 Rxc3 29.Qxc3 Kg8
30.Qc2 Kg7  1/2-1/2

[Event "3rd HD Bank Cup 2013"]
[Site "Ho Chi Minh City VIE"]
[Date "2013.03.22"]
[Round "6.11"]
[White "Nguyen Ngoc Truong Son"]
[Black "Yu Lie"]
[Result "1-0"]
[WhiteElo "2647"]
[BlackElo "2380"]

1.c4 c6 2.d4 d5 3.Nc3 Nf6 4.cxd5 cxd5 5.Bf4 g6 6.e3 Bg7 7.Nf3 O-O 8.Be2 Nc6
9.O-O Bf5 10.Rc1 Nh5 11.Be5 f6 12.Bg3 Nxg3 13.hxg3 Be6 14.Ne1 Bf7 15.Bf3 Rc8
16.Nd3 e6 17.Qa4 Qe7 18.b4 a5 19.b5 Nb4 20.Nb2 e5 21.a3 exd4 22.exd4 Bh6
23.Rfe1 Qd6 24.axb4 Bxc1 25.Rxc1 Qxb4 26.Qxb4 axb4 27.Ne2 Rxc1+ 28.Nxc1 Ra8
29.Ncd3 Ra1+ 30.Kh2 b3 31.Bd1 Ra5 32.Kg1 Rxb5 33.Kf1 Kf8 34.Ke2 Ke7 35.Kd2 Be8
36.Kc3 Bc6 37.Bxb3 Ra5 38.Nb4 Kd6 39.Nc2 Ra8 40.Ne3 Ra1 41.Nbd1 Ra5 42.Nb2 Ra1
43.Nd3 Ra5 44.Nf4 Rb5 45.Ne2 Ra5 46.Kb2 Rb5 47.Kc2 Rb4 48.Kc3 Rb5 49.Nc1 Ra5
50.Kb2 Rb5 51.Na2 Rb6 52.Kc2 Rb5 53.g4 Rb6 54.Kc3 Rb5 55.Nb4 Ra5 56.Nd3 Rb5
57.Nc5 Rb6 58.Bd1 Rb5 59.Bb3 Rb6 60.f4 Rb5 61.Nd3 Ra5 62.Nb4 Rb5 63.f5 Ra5
64.Nd3 g5 65.Nb4 Ra3 66.Kb2 Ra5 67.Nd3 Rb5 68.Nd1 Ra5 69.Nc3 Ra8 70.Nb4 Ra5
71.Ba2 h6 72.Bb3 b6 73.Bd1 Bb7 74.Bf3 Ba8 75.Nc2 Bc6 76.Ne3 Ba8 77.Kb3 Bc6
78.Kb4 Ra1 79.Nexd5 Rf1 80.Nxf6 Bxf3 81.gxf3 Rxf3 82.Nce4+ Ke7 83.d5 Rf1
84.d6+ Kd8 85.Kb5 Rb1+ 86.Kc6 Rb2 87.Nd5 Re2 88.Nef6 h5 89.gxh5 Rc2+ 90.Kb7 Rd2
91.h6 g4 92.Nxg4 Rd1 93.Ne5 Re1 94.h7 Rh1 95.Nf6  1-0

[Event "Nis Open 2013"]
[Site "Nis SRB"]
[Date "2013.03.22"]
[Round "2.12"]
[White "Djordjevic,Lazar"]
[Black "Krstic,Zoran"]
[Result "0-1"]
[WhiteElo "1661"]
[BlackElo "1897"]

1.c4 c6 2.d4 d5 3.cxd5 cxd5 4.Nc3 Nc6 5.Nf3 h6 6.h4 Nf6 7.Bf4 a6 8.e3 Bf5
9.Bd3 Bxd3 10.Qxd3 e6 11.Ne5 Rc8 12.O-O Be7 13.Rac1 Nd7 14.Nxc6 Rxc6 15.e4 dxe4
16.Nxe4 Nc5 17.Nxc5 Rxc5 18.Rxc5 Bxc5 19.Qe4 Bxd4 20.Qxb7 O-O 21.Qxa6 Qxh4
22.Bg3 Qxg3 23.Qa4 Qf4 24.b4 g5 25.Qb3 g4 26.g3 Qf3 27.Qxf3 gxf3 28.Rd1 Rd8
29.Kf1 e5 30.a4 Ra8 31.a5 Bc3 32.Rb1 f5 33.Rb3 Rd8 34.Kg1 Bd4 35.Rxf3 f4
36.gxf4 e4 37.Rb3 Ra8 38.Kg2 Kf7 39.Kf1 Ke6 40.Rh3 Bg7 41.Rh5 Kd6 42.Ke2 Kc6
43.Ke3 Re8 44.Rc5+ Kd6 45.f3 exf3+ 46.Kxf3 Rb8 47.Rc4 Kd5 48.Rc7 Bf8 49.Rh7 Rxb4
50.Rh8 Bg7 51.Rh7 Rb7 52.Kg4 Ke6 53.a6 Ra7 54.Kh5 Kf6 55.f5 Rxa6 56.Kg4 Ra4+
57.Kh5 Rf4 58.Rxg7 Kxg7  0-1

[Event "TCh-AUT 2012-13"]
[Site "St.Veit AUT"]
[Date "2013.03.22"]
[Round "9.4"]
[White "Juhasz,Kr"]
[Black "Abel,D"]
[Result "1/2-1/2"]
[WhiteElo "2350"]
[BlackElo "2437"]

1.c4 c6 2.e4 d5 3.exd5 cxd5 4.cxd5 Nf6 5.Nc3 Nxd5 6.Nf3 g6 7.Bb5+ Nc6 8.Qa4 Nb6
9.Bxc6+ bxc6 10.Qxc6+ Bd7 11.Qe4 Bg7 12.d4 Rc8 13.O-O Bc6 14.Qe2 Bxf3 15.Qxf3 Qxd4
16.Be3 Qd6 17.Bxb6 axb6 18.Rad1 Qf6 19.Qe3 Qe6 20.Qxe6 fxe6 21.Rfe1 Kf7 22.Ne4 Bxb2
23.Ng5+ Kf6 24.Nxe6 Rc4 25.Rd3 Rc3 26.Rxc3 Bxc3 27.Rc1 Be5 28.Nc7 Rd8 29.g3 Rd2
30.Rc6+ Kf5 31.Nb5 Rxa2 32.Rxb6 Rb2 33.Rb7 g5 34.Rxe7 Rxb5 35.Rxh7 Rb2 36.Rf7+ Ke6
37.Rf3 g4 38.Re3 Kf5 39.Kf1 Bd4 40.Re2 Rxe2 41.Kxe2 Ke4 42.Kf1 Kf3 43.h3 gxh3
44.Kg1 Bxf2+ 45.Kh2 Kg4 46.Kh1 Bxg3  1/2-1/2

[Event "TCh-AUT 2012-13"]
[Site "St.Veit AUT"]
[Date "2013.03.23"]
[Round "10.5"]
[White "Vyskocil,N"]
[Black "Kreisl,R"]
[Result "1-0"]
[WhiteElo "2381"]
[BlackElo "2419"]

1.c4 c6 2.Nc3 d5 3.d4 Nf6 4.cxd5 cxd5 5.Bf4 Nc6 6.e3 Bf5 7.Nf3 e6 8.Rc1 a6
9.Qb3 Ra7 10.Ne5 Nxe5 11.Bxe5 Nd7 12.Bg3 Be7 13.Be2 O-O 14.O-O Nb8 15.Na4 b5
16.Nc5 Bd6 17.a4 Bxg3 18.hxg3 bxa4 19.Qxa4 Nd7 20.b4 Nb6 21.Qa5 Nc4 22.Qxd8 Rxd8
23.e4 Bg6 24.Bxc4 dxc4 25.Rxc4 Rc7 26.Rfc1 Rc6 27.f3 f6 28.Nb7 Rxc4 29.Rxc4 Rb8
30.Rc7 Bf7 31.Kf2 g5 32.Ke3 h5 33.Kd3 h4 34.g4 Be8 35.d5 Bb5+ 36.Ke3 exd5
37.exd5 Re8+ 38.Kf2 Re2+ 39.Kg1 Re1+ 40.Kh2 Rd1 41.d6 Kf8 42.Rc5 Kg7 43.Rc8 Kg6
44.Rd8 Kf7 45.Nc5 Rd4 46.d7 Rd1 47.Ra8 Bxd7 48.Rxa6 Bb5 49.Rb6 Bc4 50.Ne4 Be6
51.b5 Rb1 52.Ra6 Rb2 53.Kh3 Ke7 54.Ra7+ Kf8 55.Nxf6 Rxb5 56.Ne4 Rb1 57.Kh2 Rb5
58.g3 Rb2+ 59.Kh3 Bc4 60.Ra1 hxg3 61.Kxg3 Bd5 62.Nxg5 Rb3 63.Re1 Kg7 64.Ne4  1-0

[Event "TCh-AUT 2012-13"]
[Site "St.Veit AUT"]
[Date "2013.03.23"]
[Round "10.1"]
[White "Rotstein,A"]
[Black "Lenic,L"]
[Result "1/2-1/2"]
[WhiteElo "2506"]
[BlackElo "2637"]

1.c4 c6 2.Nf3 d5 3.e3 Nf6 4.Nc3 e6 5.b3 Nbd7 6.Bb2 b6 7.Rc1 Bb7 8.cxd5 exd5
9.d4 Bd6 10.Bd3 O-O 11.O-O Re8 12.Ne2 Rc8 13.Ng3 g6 14.Qe2 Rc7 15.Rc2 Ne4
16.Rfc1 f5 17.Qd1 Qe7 18.Nf1 Rcc8 19.Qe2 Rcd8 20.Ba6 Ba8 21.Bd3 Qf6 22.Qd1 Re6
23.Ne1 Qe7 24.g3 Ndf6 25.Ng2 Nh5 26.Nd2 Nhf6 27.Nf3 Nd7 28.Nf4 Rf6 29.Bf1 g5
30.Nd3 f4  1/2-1/2

[Event "44th Marcel Duchamp"]
[Site "Buenos Aires ARG"]
[Date "2013.03.24"]
[Round "2.12"]
[White "Labollita,M"]
[Black "Bernal,G"]
[Result "1-0"]
[WhiteElo "2385"]
[BlackElo "2077"]

1.c4 c6 2.g3 Nf6 3.Bg2 d5 4.Nf3 Bf5 5.cxd5 Nxd5 6.b3 e6 7.Bb2 Nd7 8.O-O N7f6
9.d3 Bg6 10.h3 Be7 11.a3 h6 12.e4 Nb6 13.Qe2 O-O 14.Nbd2 Nfd7 15.Rfd1 Bh5
16.g4 Bg6 17.Nf1 h5 18.Ng3 hxg4 19.hxg4 Bd6 20.d4 Re8 21.Qd3 Qc7 22.Nh4 Bh7
23.Nh5 Bf8 24.f4 f5 25.g5 g6 26.Qc3 gxh5 27.d5 e5 28.g6 Bc5+ 29.Kh1 cxd5
30.gxh7+ Kxh7 31.Qh3 fxe4 32.Qf5+ Kg8 33.Bxe4 Re7 34.Rg1+ Bxg1 35.Rxg1+ Rg7  1-0

[Event "Norwegian Open 2013"]
[Site "Fagernes NOR"]
[Date "2013.03.24"]
[Round "3"]
[White "Lie,Es"]
[Black "Volkov,Sergey1"]
[Result "0-1"]
[WhiteElo "2471"]
[BlackElo "2593"]

1.c4 c6 2.Nf3 d5 3.b3 Bg4 4.Ne5 Bf5 5.Bb2 f6 6.Nf3 e5 7.e3 Bd6 8.Nc3 Ne7
9.Be2 O-O 10.d3 Be6 11.O-O a6 12.Re1 Nd7 13.d4 e4 14.Nd2 f5 15.f4 g5 16.g3 Rf7
17.Kh1 Rg7 18.Rg1 Ng6 19.Qe1 h6 20.Qf2 Qe7 21.Bf1 Rf8 22.Bh3 Nf6 23.Raf1 Nh7
24.Qe1 Rf6 25.Rf2 Qf7 26.cxd5 cxd5 27.Na4 Ne7 28.Bf1 Rfg6 29.Rfg2 Nf6 30.Be2 Kh7
31.Nb1 h5 32.Ba3 Bxa3 33.Nxa3 h4 34.Nc5 Bc8 35.Nc2 Qg8 36.fxg5 Rxg5 37.g4 h3
38.Rf2 Nxg4 39.Bxg4 Rxg4 40.Rxg4 Rxg4 41.Qf1 Rh4 42.Rf4 Qg5 43.Qf2 Rh6 44.Qg3 Kg6
45.Na3 Qxg3 46.hxg3 Kg5 47.Nb1 Ng8 48.Nc3 Nf6 49.Rf1 h2 50.Rf2 Ng4 51.Re2 b6
52.N5a4 Bb7 53.Nd1 a5 54.Rc2 Ba6 55.Nac3 Bd3 56.Rd2 Rc6 57.a4 Rc8 58.Kg2 Kh6
59.Rb2 Kg7 60.Kh1 Kf7 61.b4 axb4 62.Rxb4 Bc2  0-1

[Event "TCh-AUT 2012-13"]
[Site "St.Veit AUT"]
[Date "2013.03.24"]
[Round "11.6"]
[White "Hebesberger,T"]
[Black "Hartl,D"]
[Result "1/2-1/2"]
[WhiteElo "2331"]
[BlackElo "2275"]

1.c4 c6 2.e4 d5 3.exd5 cxd5 4.cxd5 Nf6 5.Nc3 Nxd5 6.Bc4 Nb6 7.Bb3 Nc6 8.Nf3 g6
9.d4 Bg7 10.Be3 O-O 11.O-O Bf5 12.d5 Na5 13.Bd4 Nxb3 14.axb3 Qd6 15.Re1 Rfd8
16.Bxg7 Kxg7 17.Qd4+ Kg8 18.Qh4 f6 19.Nd4 e5 20.Nxf5 gxf5 21.Re3 Qe7 22.Rd1 Rd7
23.Qh5 f4 24.Red3 Rad8 25.Qf5 Kh8 26.h3 Kg7 27.Kh2 Nc8 28.Ne4 Nd6 29.Qg4+ Kh8
30.Nxd6 Rxd6 31.Qf5 Qd7 32.Qe4 a6 33.R1d2 Qf7 34.f3 Kg7 35.Rd1 R8d7 36.R1d2 Qg6
37.Rc3 Qf7 38.Rcd3 Qg6 39.Rc2 f5  1/2-1/2

[Event "TCh-AUT 2012-13"]
[Site "St.Veit AUT"]
[Date "2013.03.24"]
[Round "11.4"]
[White "Schroll,G"]
[Black "Abel,D"]
[Result "1/2-1/2"]
[WhiteElo "2403"]
[BlackElo "2437"]

1.c4 c6 2.e4 d5 3.exd5 cxd5 4.d4 Nf6 5.Nc3 Nc6 6.Bg5 Be6 7.c5 g6 8.Bb5 Bg7
9.Nge2 Ne4 10.Be3 a6 11.Ba4 O-O 12.O-O Rc8 13.Nf4 Bf5 14.g4 Nxc3 15.bxc3 Bd7
16.Nxd5 Bxg4 17.Nxe7+ Nxe7 18.Qxg4 Nd5 19.Bd2 b6 20.cxb6 Qxb6 21.Rab1 Qa5
22.Bb3 Nxc3 23.Rbc1 Qb4 24.Rxc3 Rxc3 25.Bxc3 Qxc3 26.d5 Be5 27.Qg5 Qc7 28.Kg2 Qd6
29.Qg4 h5 30.Qc4 Rb8 31.f4 Bg7 32.Qc6 Qe7 33.Qxa6 Rb4  1/2-1/2

[Event "29th Spring Festival"]
[Site "Budapest HUN"]
[Date "2013.03.25"]
[Round "7.3"]
[White "Zentai,P2"]
[Black "Koczo,K"]
[Result "0-1"]
[WhiteElo "2269"]
[BlackElo "2219"]

1.c4 c6 2.Nf3 d5 3.d4 Nf6 4.Nc3 dxc4 5.a4 Bf5 6.Ne5 Nbd7 7.Nxc4 Nd5 8.f3 e5
9.e4 Nxc3 10.bxc3 Be6 11.Rb1 Rb8 12.Be3 exd4 13.cxd4 Bxc4 14.Bxc4 Bd6 15.O-O O-O
16.f4 Qe7 17.Qf3 Kh8 18.Bd3 Bb4 19.Qh3 Rfe8 20.Rxb4 Qxb4 21.Qxd7 Qb3  0-1

[Event "Nis Open 2013"]
[Site "Nis SRB"]
[Date "2013.03.27"]
[Round "8.12"]
[White "Velickovski Nejkovic,M"]
[Black "Krstic,Zoran"]
[Result "1-0"]
[WhiteElo "2137"]
[BlackElo "1897"]

1.c4 c6 2.d4 d5 3.Nc3 Nf6 4.e3 Bf5 5.cxd5 cxd5 6.Qb3 Qb6 7.Nxd5 Nxd5 8.Qxd5 e6
9.Qb5+ Qxb5 10.Bxb5+ Nd7 11.Bd2 a6 12.Be2 Bd6 13.Bf3 Bd3 14.Bc3 Rb8 15.Kd2 Bg6
16.h4 f6 17.h5 Bf7 18.Ne2 b5 19.Ba5 O-O 20.Rac1 Nb6 21.b3 Be8 22.Bc6 Bf7
23.Bf3 Be8 24.Nc3 f5 25.g3 Bd7 26.Nb1 h6 27.Bc6 Bc8 28.Rhg1 Kf7 29.f4 Nd7
30.Bxd7 Bxd7 31.Bc7 Bb4+ 32.Kd3 Rbc8 33.a3 Be7 34.b4 Rg8 35.Nd2 g5 36.hxg6+ Rxg6
37.Nf3 Bf6 38.Ke2 h5 39.Kf2 Rcg8 40.Be5 h4 41.Bxf6 hxg3+ 42.Ke2 Kxf6 43.Ng5 Rc8
44.Rxc8 Bxc8 45.Rxg3 Rh6 46.Rh3 Rxh3 47.Nxh3 Bb7 48.Ng5 Ke7 49.e4 Kf6 50.Ke3 Ke7
51.exf5 exf5 52.Nh3 Ke6 53.Nf2 Kd5 54.Kd3 Ke6 55.Nd1 Be4+ 56.Ke3 Bb7 57.Nc3 Bc6
58.d5+ Bxd5 59.Kd4 Bb7 60.Kc5 Kd7 61.Kb6 Kc8 62.Ne2 Be4 63.Nd4 Bd3 64.Kxa6 Kc7
65.Nxb5+ Kc6 66.a4 Bf1 67.Ka5 Kd5 68.Nc7+ Kc6 69.Ne6 Kd5 70.Ng5 Kc6 71.b5+ Kb7
72.Ne6 Bg2 73.Kb4 Ka7 74.a5 Kb7 75.Kc5 Ka7 76.a6 Be4 77.Nd4 Bd3 78.Kc6 Be4+
79.Kc7  1-0

[Event "44th Marcel Duchamp"]
[Site "Buenos Aires ARG"]
[Date "2013.03.28"]
[Round "7.13"]
[White "Pineiro,Dar"]
[Black "Kanefsck,G"]
[Result "1/2-1/2"]
[WhiteElo "2194"]
[BlackElo "2341"]

1.c4 c6 2.g3 d5 3.Nf3 Nf6 4.Bg2 Bf5 5.cxd5 cxd5 6.Qb3 Qc8 7.Nc3 e6 8.d3 Nc6
9.Bf4 Nh5 10.Bd2 Be7 11.O-O O-O 12.Rac1 Nf6 13.Rfe1 Bg4 14.e3 Bxf3 15.Bxf3 Qd7
16.Bg2 Rac8 17.Ne2 Rc7 18.Rc2 Rfc8 19.Rec1 h6 20.h3  1/2-1/2

[Event "e2e4 Dublin Masters"]
[Site "Dublin IRL"]
[Date "2013.03.28"]
[Round "1"]
[White "Collins,S IRL"]
[Black "Mihajlov,Seb"]
[Result "1-0"]
[WhiteElo "2482"]
[BlackElo "2063"]

1.c4 c6 2.e4 d5 3.exd5 cxd5 4.cxd5 Nf6 5.Nc3 Nxd5 6.Nf3 Nc6 7.Bb5 Nxc3 8.bxc3 Bg4
9.h3 Bh5 10.O-O e6 11.g4 Bg6 12.Qa4 Qc7 13.Nd4 Bc5 14.Ba3 Bb6 15.Bxc6+ bxc6
16.Qxc6+ Qxc6 17.Nxc6 Be4 18.Ne5 f6 19.Rfe1 Bd5 20.Nd3 O-O-O 21.Nf4 e5 22.Nxd5 Rxd5
23.d4 exd4 24.cxd4 Rhd8 25.Rac1+ Kb8 26.Bc5 Bxc5 27.dxc5 Re5 28.Rxe5 fxe5
29.Rc3 Kb7 30.c6+ Kb6 31.c7 Rc8 32.Re3 Kxc7 33.Rxe5 Kd6 34.Ra5 Rc7 35.Kg2 g6
36.Kg3 Ke6 37.f3 Kf6 38.h4 Kf7 39.Kf4 Kg7 40.Ra6 Re7 41.a4 Kf7 42.Ra5 Kf6
43.h5 Kg7 44.hxg6 hxg6 45.Kg5 Rc7 46.f4 Rd7 47.Ra6 Rd5+ 48.f5 gxf5 49.Rxa7+ Kg8
50.gxf5 Rd6 51.a5 Rc6 52.a6 Rb6 53.Ra8+ Kf7 54.a7 Ra6 55.Rh8  1-0

[Event "6th Montalvo Open"]
[Site "Las Palmas ESP"]
[Date "2013.03.28"]
[Round "5.27"]
[White "Diaz Hernandez,Francisco Javier"]
[Black "Rodriguez Mellado,A"]
[Result "0-1"]
[WhiteElo "1534"]
[BlackElo "1797"]

1.c4 c6 2.Nc3 d5 3.cxd5 cxd5 4.d4 Nc6 5.Nf3 Nf6 6.Ne5 e6 7.Bg5 Be7 8.Nxc6 bxc6
9.e3 h6 10.Bxf6 Bxf6 11.Bd3 O-O 12.O-O Rb8 13.Rb1 Be7 14.Qc2 f5 15.Ne2 Bd7
16.f4 Qa5 17.a3 Rfc8 18.b4 Qb6 19.Nc3 a5 20.Na4 Qa7 21.Nc5 Ra8 22.g4 fxg4
23.Nxd7 Qxd7 24.Bg6 Rf8 25.f5 axb4 26.axb4 Qd6 27.b5 cxb5 28.fxe6 Qxe6 29.Qd3 Rf3
30.Rf2 Raf8 31.Rbf1 Bh4 32.Rxf3 gxf3 33.Kh1 Qh3  0-1

[Event "6th Guzinskiego Mem"]
[Site "Lazy POL"]
[Date "2013.03.28"]
[Round "7.1"]
[White "Adamowicz,M"]
[Black "Malaniuk,V"]
[Result "0-1"]
[WhiteElo "2046"]
[BlackElo "2517"]

1.c4 c6 2.g3 d5 3.Bg2 Nf6 4.Nf3 dxc4 5.Qc2 Qd5 6.Na3 Be6 7.Nh4 Qd4 8.Nf3 Qe4
9.Qxe4 Nxe4 10.Nd4 Bd5 11.f3 Nc5 12.e4 e5 13.exd5 exd4 14.dxc6 Nxc6 15.Nxc4 Kd7
16.O-O b5 17.Na3 a6 18.f4 Be7 19.Rb1 Rad8 20.Nc2 f5 21.b3 Bf6 22.Ba3 Ne4
23.Rfd1 d3 24.Ne3 Bd4 25.Kf1 g6 26.Bxe4 fxe4 27.Bb2 Bxe3 28.Bxh8 Bxd2 29.Rxd2 Rxh8
30.Kf2 Kd6 31.Ke3 Kd5 32.Rc1 Re8 33.g4 h5 34.gxh5 Nd4 35.Rg2 Nf5+ 36.Kd2 Kd4
37.hxg6 e3+ 38.Kd1 Ke4 39.g7 Rg8 40.Rc7 Kf3 41.Rg6 Kf2 42.Re6 Nxg7  0-1

[Event "ch-Moscow w 2013"]
[Site "Moscow RUS"]
[Date "2013.03.28"]
[Round "6.6"]
[White "Fominykh,M"]
[Black "Chasovnikova,E"]
[Result "0-1"]
[WhiteElo "2282"]
[BlackElo "2211"]

1.c4 c6 2.g3 d5 3.Bg2 Nf6 4.Nf3 dxc4 5.a4 Na6 6.Na3 Be6 7.Ng5 Bf5 8.Nxc4 e6
9.O-O h6 10.Nf3 Be7 11.d3 O-O 12.Bd2 Nb4 13.a5 Bh7 14.Nfe5 Nfd5 15.a6 b5
16.Bxb4 Nxb4 17.Na5 Bf6 18.Nexc6 Nxc6 19.Nxc6 Qb6 20.Qb3 Rac8 21.Nb4 Rc7
22.e3 Be7 23.d4 Rc4 24.Nd3 Rfc8 25.Bb7 R8c7 26.d5 Bf5 27.Bc6 exd5 28.Bxd5 Bxd3
29.Qxd3 Rc2 30.Qb3 Qf6 31.Qxb5 Rxb2 32.Qe8+ Bf8 33.Ra4 g5 34.Be4 Rc1 35.f4 Qc3
36.Bh7+ Kxh7 37.Qxf7+ Bg7 38.fxg5 Qxe3+ 39.Kh1 Qxg5 40.Rf4 Rcc2 41.R4f2 Rxf2
42.Rxf2 Rxf2 43.Qxf2 Qd5+ 44.Qg2 Qxg2+ 45.Kxg2 Kg6 46.Kf3 Kf5 47.h3 Bf6 48.Ke3 Ke5
49.Kf3 Kf5 50.Ke3 Bd8 51.Kf3 h5 52.g4+ hxg4+ 53.hxg4+ Kg5 54.Ke4 Kxg4 55.Ke5 Kf3
56.Kd4 Bb6+ 57.Kd5 Ke3 58.Kc4 Ke4 59.Kb4 Kd4 60.Kb5 Kd5 61.Kb4 Kc6 62.Ka4 Bd8  0-1

[Event "6th Montalvo Open"]
[Site "Las Palmas ESP"]
[Date "2013.03.29"]
[Round "7.16"]
[White "Sarmiento Afonso,S"]
[Black "Ramirez Medina,Victor"]
[Result "1/2-1/2"]
[WhiteElo "2141"]
[BlackElo "1930"]

1.c4 c6 2.e4 d5 3.exd5 cxd5 4.d4 Nf6 5.Nc3 Nc6 6.Bg5 e6 7.Nf3 Be7 8.c5 O-O
9.Bb5 Ne4 10.Bxe7 Nxe7 11.O-O b6 12.cxb6 Qxb6 13.Qe2 Bb7 14.a4 Rab8 15.a5 Nxc3
16.bxc3 Qc7 17.Rfc1 Nf5 18.Qe5 Nd6 19.Bd3  1/2-1/2

[Event "VII New Open"]
[Site "Lugano SUI"]
[Date "2013.03.30"]
[Round "2.3"]
[White "Pavlovic,Milos"]
[Black "Patuzzo,F"]
[Result "0-1"]
[WhiteElo "2509"]
[BlackElo "2297"]

1.c4 c6 2.d4 d5 3.cxd5 cxd5 4.Bf4 Nc6 5.e3 Nf6 6.Nc3 Bg4 7.Qb3 Na5 8.Qa4+ Bd7
9.Qc2 e6 10.Nf3 Rc8 11.Bd3 Be7 12.O-O O-O 13.Rac1 a6 14.Ne5 Bb5 15.Bxb5 axb5
16.Qe2 b4 17.Na4 Nc4 18.Nxc4 dxc4 19.Rxc4 Qa5 20.Rxc8 Rxc8 21.b3 Nd5 22.Be5 f6
23.Bg3 b5 24.Nc5 Bxc5 25.dxc5 Rxc5 26.e4 Nc3 27.Qd3 h6 28.Qd6 Ne2+ 29.Kh1 Nxg3+
30.hxg3 Re5 31.Kg1 Rxe4 32.Rc1 Qxa2 33.Qe7 Qxb3 34.Rc8+ Kh7 35.Rc7 Qd1+  0-1

[Event "ch-Moscow w 2013"]
[Site "Moscow RUS"]
[Date "2013.03.30"]
[Round "8.2"]
[White "Charochkina,D"]
[Black "Gvanceladze,An"]
[Result "1/2-1/2"]
[WhiteElo "2322"]
[BlackElo "2183"]

1.c4 c6 2.g3 d5 3.Bg2 Nf6 4.Nf3 Bf5 5.b3 e6 6.O-O Be7 7.Bb2 O-O 8.d3 h6 9.Nbd2 a5
10.a3 Bh7 11.Re1 Nbd7 12.Qc2 Qb6 13.h3 Bc5 14.e3 Rfd8 15.Qc3 Bf8 16.Rad1 Qa6
17.e4 b5 18.Qc1 a4 19.cxb5 Qxb5 20.Nd4 Qb6 21.bxa4 c5 22.Nb5 d4 23.Nc4 Qb8
24.Qc2 Nb6 25.Rb1 Nxc4 26.Qxc4 Nd7 27.Bc1 Nb6 28.Qb3 Nxa4 29.Bf4 e5 30.Bd2 Qc8
31.f4 Nb6 32.Rec1 c4 33.dxc4 exf4 34.Bxf4 Nd7 35.Bd6 Nc5 36.Bxc5 Bxc5 37.Qd3 Ra6
38.Kh2 Bg6 39.Qf3 Re6 40.Re1 Bb6 41.Qd3 Qc6 42.Rb2 Rde8 43.Rbe2 Rc8 44.Rc1 Bc5
45.Rd1 Rd8 46.Rdd2 Qd7 47.Re1 Qe7 48.Qf3 Ra6 49.e5 Re6 50.Qf4 d3 51.Bd5 Ra6
52.e6 fxe6 53.Qg4 Bf5 54.Qxf5 Rxd5 55.cxd5 exf5 56.Rxe7 Bxe7 57.Rxd3 Ra5
58.Rb3 Bxa3 59.Nxa3 Rxd5 60.Nc4 Rd4 61.Ne3 f4 62.gxf4 Rxf4 63.Kg3 Ra4 64.Nf5 Ra7
65.Kf4 Kh7 66.Ke5 Kg6 67.Rg3+ Kh7 68.Ke6 Rb7 69.Nd6 Ra7 70.Nf5 Rb7 71.Nd6 Ra7
72.Ne4 Rb7 73.Nc5 Ra7 74.Nd7 Rb7 75.Rd3 Rb1 76.Rf3 Rb7 77.Ke7 Ra7 78.Rg3 Rb7
79.Ke6 Ra7 80.h4 Ra4 81.Nf8+ Kg8 82.Ng6 Ra6+ 83.Kf5 Rf6+ 84.Ke5 Ra6 85.Ne7+ Kh7
86.h5 Ra5+ 87.Nd5 Rb5 88.Ke6 Ra5 89.Rf3 Ra6+ 90.Kf7 Ra7+ 91.Ne7 Ra5 92.Nf5 Ra7+
93.Ne7 Ra5 94.Rf5 Ra6 95.Ng6 Ra7+ 96.Ke6 Ra6+ 97.Kd7 Ra7+ 98.Kc6 Ra6+ 99.Kb7 Ra1
100.Kc6 Ra6+ 101.Kd7 Ra7+ 102.Ke6 Ra6+ 103.Kf7 Ra7+ 104.Ne7 Ra6 105.Rf2 Ra5
106.Rg2 Rg5 107.Rh2 Ra5 108.Ke6 Ra6+ 109.Ke5 Ra5+ 110.Kd6 Ra6+ 111.Kc5 Ra5+
112.Kb4 Re5 113.Ng6 Rf5 114.Kc4 Ra5 115.Kd4 Ra4+ 116.Ke5 Ra5+ 117.Kf4 Ra4+
118.Kf5 Ra5+ 119.Ne5 Ra6 120.Rd2 Rf6+ 121.Ke4 Ra6 122.Rd8 Ra7 123.Ng6 Ra4+
124.Kf5 Ra5+ 125.Ke6 Ra6+ 126.Ke7 Re6+ 127.Kd7 Rd6+ 128.Ke8 Re6+ 129.Ne7 Ra6
130.Rd7 Ra5 131.Nd5 Kg8 132.Nf4 Ra8+ 133.Ke7 Ra1 134.Ne6 Re1 135.Rd2 Kh7
136.Rg2 Kh8 137.Rf2  1/2-1/2

[Event "VII New Open"]
[Site "Lugano SUI"]
[Date "2013.03.31"]
[Round "5.4"]
[White "Patuzzo,F"]
[Black "Hajnal,Z"]
[Result "1/2-1/2"]
[WhiteElo "2297"]
[BlackElo "2349"]

1.c4 c6 2.Nf3 d5 3.e3 Nf6 4.Nc3 Bg4 5.Qb3 Qb6 6.cxd5 Qxb3 7.axb3 Bxf3 8.gxf3 Nxd5
9.d4 e6 10.Bd2 Nd7 11.Be2 Be7 12.O-O a6 13.f4 f5 14.Bf3 N7f6 15.Rfd1 O-O
16.Ne2 b6 17.Be1 a5 18.Nc1 Bd6 19.Nd3 Rac8 20.Rdc1 Ne7 21.b4 axb4 22.Nxb4 c5
23.dxc5 bxc5 24.Nd3 Nfd5 25.Ra6 Rfd8 26.Ba5 Ra8 27.Bxd8 Rxa6 28.Bxe7 Nxe7
29.Nxc5 Bxc5 30.Rxc5 Rb6 31.Rc2 Nd5 32.Bxd5 exd5 33.Rd2 Rb5 34.Kf1 Kf7 35.Ke2 Ke6
36.Kd3 Kd6 37.Kc3 Rc5+ 38.Kb4 Rc1 39.Kb5 Rc5+ 40.Ka4 Rc1 41.b4 Kc6 42.Kb3 Rh1
43.Kc3 Rxh2 44.Kd4 g6 45.Rc2+ Kb5 46.Rc7 h5 47.Rg7 Rxf2 48.Rxg6 Rd2+ 49.Kc3 Re2
50.Kd3 Rb2 51.Rg5 Kxb4 52.Rxf5 Kc5 53.Rxh5 Rb3+ 54.Ke2 Kc4 55.Re5 d4 56.f5 dxe3
57.f6 Kd4 58.Rf5 Rb2+ 59.Ke1 Rb1+ 60.Ke2 Rb2+ 61.Kd1 Rb1+ 62.Ke2 Rb2+ 63.Kd1  1/2-1/2

[Event "Paskturneringen Open"]
[Site "Norrkoping SWE"]
[Date "2013.03.31"]
[Round "6"]
[White "Ulibin,M"]
[Black "Pohjala,H"]
[Result "0-1"]
[WhiteElo "2521"]
[BlackElo "2319"]

1.c4 c6 2.e4 e5 3.Nf3 d6 4.d4 Qc7 5.Nc3 Bg4 6.Be2 Nd7 7.Be3 Ngf6 8.O-O Be7
9.h3 Bxf3 10.Bxf3 exd4 11.Bxd4 O-O 12.Rc1 Rfe8 13.Re1 a5 14.b3 Rad8 15.g3 Nc5
16.Bg2 Nfd7 17.Rc2 Bf6 18.Rd2 Bxd4 19.Rxd4 Nf6 20.Qb1 Qb6 21.Red1 Qb4 22.Qc2 a4
23.Nxa4 Nxa4 24.bxa4 Qc5 25.Kh2 Rd7 26.f4 Rde7 27.Qd3 h5 28.Re1 h4 29.g4 g5
30.Rxd6 Nxe4 31.Rd8 Nf6 32.Rxe8+ Nxe8 33.Rxe7 Qxe7 34.Qf5 gxf4 35.Be4 Nf6
36.Bd3 Qe3 37.Qxf6 Qg3+ 38.Kh1 Qxh3+ 39.Kg1 Qxg4+ 40.Kf1 Qf3+ 41.Ke1 Qxd3
42.Qg5+ Qg6 43.Qd8+ Kg7 44.Qd4+ Kh7 45.Kf1 Qf5 46.Kf2 h3 47.Qd8 h2 48.Kg2 Qg4+
49.Kxh2 f3 50.Qd3+ Kg8  0-1

[Event "2nd Martinique Open"]
[Site "Fort-de-France FRA"]
[Date "2013.04.04"]
[Round "3.9"]
[White "Bagoe,S"]
[Black "Warner,De"]
[Result "0-1"]
[WhiteElo "1593"]
[BlackElo "2204"]

1.c4 c6 2.g3 d5 3.d4 dxc4 4.Bg2 Bf5 5.e4 Bg6 6.Nc3 e6 7.Nf3 Bh5 8.Ne2 Nf6
9.Nf4 Bb4+ 10.Bd2 Bxd2+ 11.Kf1 Bxf4 12.gxf4 Nxe4 13.Qe1 Bxf3 14.Bxf3 f5 15.Bxe4 fxe4
16.Qxe4 Qd5 17.Re1 Qxe4 18.Rxe4 Kf7 19.Kg2 Nd7 20.Rhe1 Rhe8 21.Kg3 Nf6 22.Re5 Rad8
23.Rd1 Rd5 24.Kf3 Red8 25.Rde1 Rxe5 26.dxe5 Rd3+ 27.Kg2 Nd5 28.Re4 b5 29.h4 h5
30.f3 Kg6 31.Kg3 Kf5 32.Kf2 Rd2+ 33.Kg3 Rxb2  0-1

[Event "TCh-NOR Eliteserien 2012-13"]
[Site "Haraldsheim NOR"]
[Date "2013.04.05"]
[Round "7"]
[White "Hansen,TR"]
[Black "Hole,O"]
[Result "1-0"]
[WhiteElo "2444"]
[BlackElo "2367"]

1.c4 c6 2.Nf3 d5 3.g3 Nf6 4.Bg2 dxc4 5.Na3 Nbd7 6.Nxc4 Nb6 7.Nce5 Be6 8.Ng5 Qd6
9.d4 h6 10.Nxe6 Qxe6 11.O-O g6 12.a4 a5 13.Bd2 Bg7 14.b4 axb4 15.Rb1 O-O
16.Rxb4 Nfd5 17.Bxd5 Nxd5 18.Rxb7 c5 19.Nd7 Qc6 20.Qb3 Rfd8 21.e4 Rxd7 22.Rxd7 Qxd7
23.exd5 Bxd4 24.a5 h5 25.Re1 Qf5 26.Re2 h4 27.Qb7 Rf8 28.Qxe7 hxg3 29.hxg3 Qxd5
30.a6 Ra8 31.Qb7 Qd8 32.Bf4 Kg7 33.a7 c4 34.Rd2 Rc8 35.Rxd4 Qxd4 36.Qxc8 Qxa7
37.Qxc4  1-0

[Event "Bundesliga 2012-13"]
[Site "Schwetzingen GER"]
[Date "2013.04.05"]
[Round "13"]
[White "Piorun,K"]
[Black "Khenkin,I"]
[Result "1-0"]
[WhiteElo "2520"]
[BlackElo "2655"]

1.c4 c6 2.e4 d5 3.exd5 Nf6 4.Nc3 cxd5 5.cxd5 Nxd5 6.Nf3 Nc6 7.Bb5 e6 8.O-O Be7
9.d4 O-O 10.Re1 Qd6 11.Bd2 Nxc3 12.bxc3 b6 13.Bd3 Bb7 14.h4 Rac8 15.h5 Qd5
16.Rb1 Qxa2 17.Ng5 Bxg5 18.Bxg5 Na5 19.Bf6 gxf6 20.Qg4+ Kh8 21.Qh4 Qd5 22.Qxf6+ Kg8
23.Re4 Rfd8 24.Rb5 Qxe4 25.Bxe4 Bxe4 26.Re5 Bd5 27.Qh6 f5 28.Re3 Rf8 29.Rg3+ Kf7
30.Rg7+ Ke8 31.Qxh7 Rxc3 32.Qg6+ Kd8 33.h6 Nc6 34.h7 Nxd4 35.Qf6+  1-0